Coolhunting Tendencias e innovacin̤. A la cacera̕ del futuro /

Detalles Bibliográficos
Autor principal: Riveros Tovar, Paula
Formato: eBook
Lenguaje:español
Publicado: Bogot:̀ Ediciones de la U, 2019
Edición:2ð Edicin̤
Materias:
Acceso en línea:Acceso restringido

MARC

LEADER 00000nam a22000007a 4500
005 20191118150229.0
007 cr|||| ||||
008 191118s2019 co |||||s|||| 00||0 spa d
020 |a 978-958-792-025-3 
035 |a 30700 
040 |a vLex 
090 |c 10055  |d 10055 
100 1 |a Riveros Tovar, Paula 
245 1 0 |a Coolhunting  |h [Recurso electrn̤ico] :  |b Tendencias e innovacin̤. A la cacera̕ del futuro /  |c Paula Riveros Tovar 
250 |a 2ð Edicin̤ 
256 |a Servicio en ln̕ea 
260 |a Bogot:̀  |b Ediciones de la U,  |c 2019 
300 |a 1 recurso electrn̤ico 
506 1 |a Disponible solo en los productos indicados  |d vLex Global  |d vLex Global (Academic Edition, excluding Law Schools)  |d vLex Global (U.S. Academic Edition, Law Schools)  |d vLex Global (U.S. Academic Edition, excluding Law Schools)  |d vLex Global (Academic Edition, Law Schools) 
650 0 4 |a Marketing  |z Colombia 
740 0 |a vLex Libros (Servicio en ln̕ea) 
856 4 0 |u http://vlex.com/source/coolhunting-30700  |z Acceso restringido 
942 |c BOOK 
999 0 |a Marketing